| 000 | 00398nam a2200133Ia 4500 | ||
|---|---|---|---|
| 008 | 210430s9999 xx 000 0 und d | ||
| 082 | _a515 T449 T | ||
| 100 |
_aGeroge B Thomas, Maurice D Weir, Joel Hass, Frank R Giordano _9127701 |
||
| 245 |
_aThomas Calculus / _cGeorge B.Thomas,jr |
||
| 250 | _a11th edition | ||
| 260 |
_aDelhi _bPearson Education _c2008 |
||
| 300 | _a1228p | ||
| 942 |
_cBK _2ddc |
||
| 999 |
_c564070 _d564070 |
||